000 02002cam a2200373 i 4500
001 193948
003 ES-MaACL
005 20250804063447.0
008 231222s2007 gbr 0 1 0 eng/d
020 _a9781850658764
020 _a9781850658764
040 _aM-ICM
_bspa
_cM-ICM
_dUAM.FL
080 4 _a327.5(569.4)"1993/..."
080 4 _a32(=1:569.4=411.21)"1948/..."
100 1 _aGunning, Jeroen
_eaut
_9235446
245 1 0 _aHamas in politics :
_bdemocracy, religion, violence /
_cJeroen Gunning
260 0 _aLondon :
_bHurst,
_c2007
300 _aXIV, 310 páginas ;
_c22 cm
336 _2rdacontent
_atexto
337 _2rdamedia
_asin mediación
338 _2rdacarrier
_avolumen
500 _aÍndice
504 _aBibliografía: páginas 275-305
520 _aEn enero de 2006 Hamás, organización clasificada como terrorista por los gobiernos occidentales, fue elegida democráticamente para gobernar los territorios palestinos. Las contradicciones inherentes a esta situación han desconcertado a muchos analistas. Hamás emplea tácticas terroristas contra Israel, pero se presenta con una candidatura a favor del orden público en las elecciones palestinas; busca un Estado islámico, pero celebra elecciones internas; hace campaña por la sharia, pero sus líderes son predominantemente profesionales laicos; llama a la destrucción de Israel, pero ha accedido a regañadientes a cumplir los acuerdos de paz previos
610 2 4 _aHamas
_9241534
650 4 _aConflicto árabe-israelí-
_y1993-
_911268
650 4 _aPalestinos-
_xPolítica y gobierno-
_y1948-
_9235449
852 _aES-MaACL
_bR.154950
_cDEPOJ
_dN-9761
_hDonación: José Lázaro García
_xCartoné con sobrecubiertas
_9205459
903 _9234219
_aLázaro García, José
_ednr
942 _cMONOGRAFIA
_n0
999 _c193948
_d193948